000
00342nam a22001457a 4500
008
221216b ||||| |||| 00| 0 eng d
020
_a
9781418055462
041
_a
eng
080
_a
610.73
082
_a
610.73McC
100
_a
9
101
_a
INF
245
_a
CASE STUDIES IN HEALTH INFORMATION MANAGEMENT
_c
McCUEN CH
942
_2
udc
_c
BK
999
_c
59201
_d
59201